000 00772nam a2200193Ia 4500
008 151121s9999||||xx |||||||||||||| ||und||
082 _a491।435/खोत
082 _bHNW-116076
100 _aखोत वसंत
245 _aस्पर्धा परीक्षा हिंदी व्याकरण और लेखन
260 _b"चेतन बुक्स, पुणे।"
260 _c2014
300 _a279
600 _aखोत वसंत
630 _aस्पर्धा परीक्षा हिंदी व्याकरण और लेखन
700 _aखोत वसंत
730 _aस्पर्धा परीक्षा हिंदी व्याकरण और लेखन
942 _cBOOK
999 _c1264753
_d1264750